Same Word, Different Movies VI Quiz Stats

 Plays Quiz Updated Jun 2, 2018

Challenge
Share
Tweet
Embed
Score 0/48 Timer 09:00
2 Plays Today
Word Movies % Correct
GreenThe Green Mile
93.2%
Vs.Kramer vs. Kramer
76.4%
EyesEyes Wide Shut
70.7%
PointPoint Break
69.6%
DragonThe Girl with the Dragon Tattoo
62.6%
GreenGreen Lantern
61.3%
DragonRed Dragon
61.2%
DownBlack Hawk Down
59%
EyesFor Your Eyes Only
58%
Vs.Scott Pilgrim vs. the World
56.1%
DangerousDangerous Liaisons
55.4%
DangerousDangerous Minds
55.4%
DragonCrouching Tiger, Hidden Dragon
52.5%
FireMan on Fire
51.7%
KissKiss Kiss Bang Bang
50.4%
FireHarry Potter and the Goblet of Fire
48%
DragonHow to Train Your Dragon
48%
KissKiss the Girls
47.1%
KingdomKingdom of Heaven
45.3%
EndThis is the End
44.1%
GreenFried Green Tomatoes
43.3%
EndHowards End
42.9%
HeartCrazy Heart
42.6%
DownFalling Down
38.7%
Word Movies % Correct
EndEnd of Days
35.7%
KissThe Long Kiss Goodnight
34.7%
GreenThe Green Zone
33.6%
PointMatch Point
32.3%
EyesMickey Blue Eyes
31.9%
Vs.The People vs. Larry Flynt
28.8%
EyesBig Eyes
28.4%
EndEnd of Watch
25.6%
KingdomMoonrise Kingdom
25.2%
FireSt. Elmo's Fire
25%
FireIn the Line of Fire
24.5%
KissThe Last Kiss
20.9%
DownDown with Love
20%
PointPoint Blank
19.4%
HeartAngel Heart
18.5%
DangerousBangkok Dangerous
15.3%
KingdomIndiana Jones and the Kingdom of the Crystal Skull
12.7%
HeartI Heart Huckabees
12.5%
HeartIn the Heart of the Sea
12.3%
KingdomAnimal Kingdom
12.1%
Vs.Monsters vs Aliens
10.9%
PointVantage Point
10.5%
DangerousA Dangerous Method
8.9%
DownDown by Law
7.5%

You're not logged in!

Compare scores with friends on all Sporcle quizzes.
OR
Log In

You Might Also Like...

Show Comments

Extras

Top Quizzes Today


Score Distribution

Your Account Isn't Verified!

In order to create a playlist on Sporcle, you need to verify the email address you used during registration. Go to your Sporcle Settings to finish the process.

Report this User

Report this user for behavior that violates our Community Guidelines.

Details: